[Event "N4 - Tarbes / CondomII"]
[Site "Tarbes"]
[Date "2007.11.25"]
[Round "2"]
[White "Calatrava, Julian"]
[Black "Carassus, Jean-Louis"]
[Result "1-0"]
[WhiteElo "1860"]
[BlackElo "1870"]
[EventDate "2007.11.23"]
[PlyCount "36"]

1.e4 b6 2.d4 g6 3.Nf3 Bg7 4.Bc4 e6 5.Nc3 Bb7 6.O-O d6 7.Bg5 Ne7 8.Qd2 O-O 
9.Rae1 Qd7 10.Bh6 Nbc6 11.Bxg7 Kxg7 12.Qg5 Nd8 13.Re3 h6 14.Qg4 a6 15.Nh4 
Bc8 16.e5 Nf5 17.Rh3 dxe5 18.dxe5 Qd4 1-0

[Event "N4 - Tarbes / CondomII"]
[Site "Tarbes"]
[Date "2007.11.25"]
[Round "2"]
[White "Labat, Jory"]
[Black "Pagnoncelli, Herve"]
[Result "1/2-1/2"]
[WhiteElo "1816"]
[BlackElo "1840"]
[EventDate "2007.11.23"]
[PlyCount "60"]

1.d4 d5 2.c4 e6 3.Nc3 Nf6 4.cxd5 exd5 5.Bg5 Be7 6.e3 O-O 7.Bd3 Nbd7 8.Qc2 
c6 9.Nf3 Re8 10.O-O Nf8 11.Ne5 Ng4 12.Bxe7 Qxe7 13.Nxg4 Bxg4 14.Rae1 Qh4 
15.f3 Bh5 16.Qf2 Qxf2+ 17.Kxf2 Bg6 18.Bxg6 Nxg6 19.Ne2 f5 20.g3 Re6 21.Nc1
Rae8 22.Nd3 h5 23.h4 R6e7 24.Re2 Kf7 25.Rc1 Kf6 26.Rc3 Nf8 27.Nf4 g6 28.b4
Ne6 29.Nxe6 Rxe6 30.a4 a6 1/2-1/2

[Event "N4 - Tarbes / CondomII"]
[Site "Tarbes"]
[Date "2007.11.25"]
[Round "2"]
[White "Woloszyn, Florent"]
[Black "Bunjaku, Rijard"]
[Result "0-1"]
[WhiteElo "1986"]
[BlackElo "1950"]
[EventDate "2007.11.23"]
[PlyCount "60"]

1.d4 b6 2.Nf3 Bb7 3.Bg5 g6 4.Nbd2 Bg7 5.e4 a5 6.Bc4 d5 7.exd5 Bxd5 8.Qe2 
Nf6 9.O-O-O O-O 10.Rhe1 e6 11.Ne5 c6 12.Ng4 Nbd7 13.f3 Qc7 14.Nxf6+ Nxf6 
15.h4 b5 16.Bxd5 Nxd5 17.h5 h6 18.Bh4 g5 19.Bf2 Nf4 20.Qf1 a4 21.Ne4 Nxh5 
22.Qh1 Nf4 23.Bg3 b4 24.Nc5 b3 25.axb3 axb3 26.Nxb3 Rfb8 27.Re3 Nd3+ 28.
Rexd3 Qxg3 29.Qe1 Qxg2 30.Qe4 Rxb3 0-1

[Event "N4 - Tarbes / CondomII"]
[Site "Tarbes"]
[Date "2007.11.25"]
[Round "2"]
[White "Rich, Philippe"]
[Black "Beaurain, Jérôme"]
[Result "1/2-1/2"]
[WhiteElo "2034"]
[BlackElo "2066"]
[EventDate "2007.11.23"]
[PlyCount "54"]

1.e4 c5 2.d4 cxd4 3.Nf3 Nc6 4.c3 d3 5.Bxd3 d6 6.O-O g6 7.Bc4 Bg7 8.Be3 Nf6
9.e5 Ng4 10.exd6 Nxe3 11.fxe3 O-O 12.dxe7 Qxe7 13.Qe2 Re8 14.Nbd2 Na5 15.
Bd5 Qc5 16.Be4 Nc4 17.Qxc4 Qxc4 18.Nxc4 Rxe4 19.Nfd2 Re7 20.Rae1 b5 21.Nd6
Ba6 22.N2e4 Rd8 23.Nf6+ Kf8 24.Nxh7+ Kg8 25.Nf6+ Kf8 26.Nh7+ Kg8 27.Nf6+ 
Kf8 1/2-1/2

[Event "N4 - Tarbes / CondomII"]
[Site "Tarbes"]
[Date "2007.11.25"]
[Round "2"]
[White "Dezan, Pierre"]
[Black "Lemoine, Benoit"]
[Result "1-0"]
[WhiteElo "2135"]
[BlackElo "2128"]
[EventDate "2007.11.23"]
[PlyCount "89"]

1.Nf3 Nf6 2.c4 g6 3.Nc3 d5 4.cxd5 Nxd5 5.Qa4+ c6 6.g3 Bg7 7.Bg2 O-O 8.O-O 
Nb6 9.Qc2 a5 10.d4 Bg4 11.Rd1 Qc8 12.Bg5 Re8 13.Qb3 N8d7 14.Rac1 a4 15.Qb4
Bf8 16.d5 Bxf3 17.Bxf3 e6 18.d6 Qb8 19.Ne4 Nd5 20.Qd2 f5 21.Nc3 Bxd6 22.
Nxd5 cxd5 23.Bxd5 Nc5 24.Bf3 Bf8 25.Bh6 Bxh6 26.Qxh6 Qe5 27.Bxb7 Rab8 28.
Bc6 Red8 29.Rxd8+ Rxd8 30.Qe3 Qxe3 31.fxe3 a3 32.bxa3 Na6 33.Bb5 Rd6 34.
Rc6 Rxc6 35.Bxc6 Kf8 36.Kf2 Ke7 37.Kf3 Kd6 38.Ba4 g5 39.Bc2 Ke5 40.a4 h5 
41.a5 Kd6 42.h4 Nb4 43.hxg5 Nxc2 44.g6 Ke7 45.a6 1-0

[Event "REG1-R2-CEIT 4/AUCH"]
[Site "?"]
[Date "2007.11.25"]
[Round "2"]
[White "Sadones, Thibault"]
[Black "Bouyssieres, Max"]
[Result "1-0"]
[WhiteElo "1550"]
[BlackElo "1199"]
[EventDate "2007.??.??"]
[PlyCount "83"]

1.e4 e5 2.Nf3 Nc6 3.Bc4 Bc5 4.c3 Nf6 5.d3 d6 6.Bg5 h6 7.Bh4 g5 8.Bg3 Be6 
9.Bxe6 fxe6 10.Qb3 Qe7 11.Nbd2 O-O-O 12.Nc4 Rhg8 13.h3 h5 14.h4 g4 15.Ng5 
Nh7 16.Nxe6 Rde8 17.Nxc5 dxc5 18.Rd1 Nf8 19.Nxe5 Qe6 20.Qxe6+ Rxe6 21.Nxc6
Rxc6 22.O-O Ng6 23.d4 Re6 24.e5 c6 25.f4 gxf3 26.Rxf3 c4 27.Rdf1 Kd8 28.
Rf6 Re7 29.e6 Ke8 30.Rf7 Rxe6 31.Rxb7 Ne7 32.Kh2 Nc8 33.Rc7 Kd8 34.Rh7 
Reg6 35.Rf3 Ne7 36.Rxh5 Nd5 37.Rh7 Nf4 38.Bxf4 Rxg2+ 39.Kh3 Rxb2 40.Rxa7 
Rg1 41.Bh2 Rh1 42.Rf8# 1-0

[Event "REG1-R2-CEIT 4/AUCH"]
[Site "?"]
[Date "2007.11.25"]
[Round "2"]
[White "Benoit, Pierre"]
[Black "Rouede, Gilbert"]
[Result "0-1"]
[WhiteElo "1834"]
[BlackElo "1360"]
[EventDate "2007.??.??"]
[PlyCount "64"]

1.e4 c5 2.Nf3 d6 3.d4 cxd4 4.Nxd4 Nf6 5.Nc3 a6 6.Bd3 Nc6 7.Be3 g6 8.O-O 
Bg7 9.Qd2 O-O 10.h3 Nxd4 11.Bxd4 Be6 12.f4 Rc8 13.Qf2 b5 14.g4 b4 15.Ne2 
Bc4 16.Qh4 Nxe4 17.Bxg7 Kxg7 18.Bxe4 Bxe2 19.Rf2 Bb5 20.g5 d5 21.Bg2 Qb6 
22.Bxd5 Rxc2 23.Re1 e6 24.Be4 Rxb2 25.Kg2 Rxf2+ 26.Qxf2 Qxf2+ 27.Kxf2 Rd8 
28.Kg3 Rd2 29.Rb1 Rxa2 30.Rxb4 Ra4 31.Rxa4 Bxa4 32.Bd3 a5 0-1

[Event "REG1-R2-CEIT 4/AUCH"]
[Site "?"]
[Date "2007.11.25"]
[Round "2"]
[White "Join, Etienne"]
[Black "Chmargounof, Georges"]
[Result "1-0"]
[WhiteElo "1820"]
[BlackElo "1510"]
[EventDate "2007.??.??"]
[PlyCount "77"]

1.e4 c5 2.Nf3 Nc6 3.Bc4 e6 4.Nc3 d6 5.d3 Be7 6.Bd2 Nf6 7.O-O O-O 8.Ne2 e5 
9.Ng3 Bg4 10.c3 Na5 11.h3 Bxf3 12.Qxf3 Nxc4 13.dxc4 g6 14.Bh6 Re8 15.Nf5 
Bf8 16.Bxf8 gxf5 17.Bh6 f4 18.g3 Kh8 19.Kh1 Nxe4 20.Qxe4 Qf6 21.Bxf4 exf4 
22.Qxf4 Qxf4 23.gxf4 Re4 24.Rae1 Rae8 25.Rxe4 Rxe4 26.f5 Re7 27.Rd1 Rd7 
28.f6 Kg8 29.Rg1+ Kh8 30.Re1 Kg8 31.Re7 Rd8 32.Rxb7 h5 33.Rxa7 Re8 34.b4 
Re5 35.Re7 Rf5 36.b5 Rxf2 37.b6 Rb2 38.b7 Kf8 39.Rc7 1-0

[Event "REG1-R2-CEIT 4/AUCH"]
[Site "?"]
[Date "2007.11.25"]
[Round "2"]
[White "Benayoun, David"]
[Black "Devecchi, Jorge"]
[Result "0-1"]
[WhiteElo "1730"]
[BlackElo "1941"]
[EventDate "2007.??.??"]
[PlyCount "96"]

1.e4 e6 2.Nf3 d5 3.exd5 exd5 4.Be2 Bd6 5.d4 Nf6 6.Nc3 O-O 7.Bg5 c6 8.O-O 
h6 9.Bh4 Bg4 10.Ne5 Bxe2 11.Qxe2 Re8 12.f4 Nbd7 13.Qd2 Qb6 14.Rab1 Nxe5 
15.Bxf6 Nc4 16.Qd3 gxf6 17.Rf3 Nxb2 18.Rg3+ Kh8 19.Qf5 Qxd4+ 20.Kh1 Qxf4 
21.Qh5 Re7 22.Ne2 Qd2 23.Rf3 Rxe2 24.Rxf6 Re1+ 25.Rf1 Rxb1 26.Rxb1 Rg8 27.
Qf3 Qxg2+ 28.Qxg2 Rxg2 29.Kxg2 Be5 30.h3 b5 31.Kf3 Kg7 32.Rg1+ Kf8 33.Kg4 
Nc4 34.Kf5 Bd4 35.Rh1 Ne3+ 36.Kf4 Nxc2 37.Kg4 c5 38.Kh5 Be3 39.Rb1 Nb4 40.
Rb2 a6 41.Re2 d4 42.Kg4 Nd5 43.Re1 Ke7 44.Kf3 f5 45.Ke2 c4 46.Kd1 d3 47.
Rh1 Nc3+ 48.Ke1 d2+ 0-1

[Event "REG1-R2-CEIT4/AUCH"]
[Site "?"]
[Date "2007.11.25"]
[Round "2"]
[White "Golic, Nadil"]
[Black "Landes, René"]
[Result "1-0"]
[WhiteElo "2050"]
[BlackElo "1758"]
[EventDate "2007.??.??"]
[PlyCount "77"]

1.d4 d5 2.c4 c6 3.Nc3 Nf6 4.Bg5 g6 5.e3 Bg7 6.Qb3 Qb6 7.Qxb6 axb6 8.Bxf6 
Bxf6 9.cxd5 O-O 10.Bc4 Rd8 11.Nge2 Na6 12.O-O Nb4 13.dxc6 bxc6 14.a3 Nd5 
15.Nxd5 cxd5 16.Bb5 Ba6 17.Bxa6 Rxa6 18.f4 e6 19.Rfc1 Rda8 20.Nc3 Ra5 21.
a4 Be7 22.b3 Bb4 23.Rab1 Rc8 24.Nb5 Rxc1+ 25.Rxc1 Ra8 26.Kf2 Kf8 27.Rc7 
Rb8 28.Ke2 h5 29.Kf3 Kg7 30.h3 Kf6 31.g4 hxg4+ 32.hxg4 Kg7 33.g5 Kf8 34.e4
dxe4+ 35.Kxe4 Kg7 36.Ke5 Kf8 37.Kf6 Bd2 38.Rxf7+ Kg8 39.Kxg6 1-0

[Event "REG1-R2-CEIT 4/AUCH"]
[Site "?"]
[Date "2007.11.25"]
[Round "2"]
[White "Dia, Hussein"]
[Black "Levieux, Pascal"]
[Result "1/2-1/2"]
[WhiteElo "1840"]
[BlackElo "2084"]
[EventDate "2007.??.??"]
[PlyCount "63"]

1.e4 Nf6 2.e5 Nd5 3.d4 d6 4.Bc4 Nb6 5.Bb3 dxe5 6.Qh5 e6 7.dxe5 a5 8.a3 Nc6
9.Nf3 a4 10.Ba2 Nd4 11.Nxd4 Qxd4 12.Nc3 g6 13.Qe2 Bg7 14.f4 O-O 15.Be3 Qd8
16.Qf3 Qe7 17.Bxb6 cxb6 18.Nb5 Qc5 19.Qd3 Bh6 20.g3 Bd7 21.Nd6 Bc6 22.Rf1 
b5 23.O-O-O b4 24.Kb1 b5 25.Qd4 Qxd4 26.Rxd4 bxa3 27.bxa3 Rfb8 28.c3 Bf8 
29.Kb2 Rb6 30.Rfd1 Rab8 31.R1d2 Be7 32.Rd1 1/2-1/2

[Event "REG1 Tarbes / Condom"]
[Site "Tarbes"]
[Date "2007.11.25"]
[Round "2"]
[White "Aznar, Georges"]
[Black "Tancogne, Artur"]
[Result "1-0"]
[WhiteElo "1500"]
[BlackElo "1290"]
[EventDate "2007.??.??"]
[PlyCount "87"]

1.d4 d5 2.Nf3 Nf6 3.e3 Nc6 4.c4 e6 5.a3 Bd6 6.Nc3 b6 7.cxd5 exd5 8.Bb5 Bd7
9.Bd3 O-O 10.O-O Re8 11.h3 h6 12.Bc2 Bc8 13.b4 a5 14.b5 Na7 15.Qd3 c6 16.
a4 c5 17.dxc5 Bxc5 18.Bb2 Bd7 19.Ne2 Ne4 20.Qxd5 Qc8 21.Bxe4 Be6 22.Qe5 f6
23.Qg3 Rd8 24.Bxf6 Rd7 25.Qg6 Kf8 26.Bxa8 Qxa8 27.Ne5 Rc7 28.Bxg7+ Rxg7 
29.Qf6+ Bf7 30.Nf4 Be7 31.Nd7+ Kg8 32.Qxe7 Bh5 33.Qe6+ Kh8 34.Qxh6+ Kg8 
35.Nf6+ Kf8 36.Ne6+ Kf7 37.Nxg7 Bg6 38.Ng4 Qd8 39.Ne5+ Kf6 40.Nxg6 Kf7 41.
Rad1 Qc7 42.Ne5+ Qxe5 43.Rd7+ Kf8 44.Qh8# 1-0

[Event "REG1 Tarbes / Condom"]
[Site "Tarbes"]
[Date "2007.11.25"]
[Round "2"]
[White "Tancogne, Victor"]
[Black "Herve, Jean-Joseph"]
[Result "0-1"]
[WhiteElo "1410"]
[BlackElo "1620"]
[EventDate "2007.??.??"]
[PlyCount "62"]

1.e4 c5 2.Nf3 d6 3.h3 Nf6 4.Nc3 g6 5.Bc4 Bg7 6.d3 e6 7.Bg5 Qa5 8.O-O a6 9.
a4 Nc6 10.Re1 Qc7 11.Qd2 h6 12.Bxf6 Bxf6 13.Rab1 Ne5 14.Nxe5 Bxe5 15.f4 
Bg7 16.Na2 Bd7 17.b3 a5 18.f5 gxf5 19.exf5 O-O-O 20.fxe6 fxe6 21.Bxe6 Be5 
22.Bxd7+ Rxd7 23.Kh1 Qc6 24.Nc3 Bxc3 25.Qxc3 Rf8 26.Qd2 Rdf7 27.Rg1 b6 28.
c4 Rf4 29.Qe2 Re8 30.Qd2 Rh4 31.Qf2 Rxh3# 0-1

[Event "REG1 Tarbes / Condom"]
[Site "Tarbes"]
[Date "2007.11.25"]
[Round "2"]
[White "Bandan, Taïwan"]
[Black "Tauziede, Jean-Pierre"]
[Result "1-0"]
[WhiteElo "1680"]
[BlackElo "1700"]
[EventDate "2007.??.??"]
[PlyCount "45"]

1.e4 Nc6 2.Nc3 Nf6 3.Bc4 e6 4.d3 Bb4 5.Bd2 d5 6.Bb5 d4 7.Nce2 Bxd2+ 8.Qxd2
e5 9.Nf3 Qd6 10.O-O Bg4 11.Ne1 O-O 12.Bc4 Qb4 13.Qxb4 Nxb4 14.f3 Bd7 15.
Ng3 Rfe8 16.c3 Nc6 17.f4 Rad8 18.fxe5 Rxe5 19.Nf3 Re7 20.Nxd4 Na5 21.e5 
Nxc4 22.exf6 gxf6 23.dxc4 1-0

[Event "REG1 Tarbes / Condom"]
[Site "Tarbes"]
[Date "2007.11.25"]
[Round "2"]
[White "Berthelot, Nathan"]
[Black "Bildstein, Gérard"]
[Result "1-0"]
[WhiteElo "1657"]
[BlackElo "1710"]
[EventDate "2007.??.??"]
[PlyCount "117"]

1.e4 d5 2.exd5 Nf6 3.Bb5+ Bd7 4.Bc4 Bg4 5.f3 Bf5 6.Nc3 Nbd7 7.d4 Nb6 8.
Bb5+ Bd7 9.Bxd7+ Qxd7 10.Bf4 Nbxd5 11.Nxd5 Nxd5 12.Bg3 e6 13.Qd2 Be7 14.
Ne2 Bf6 15.Qa5 O-O 16.Qd2 Rfd8 17.O-O Nb6 18.c3 e5 19.b3 exd4 20.cxd4 c5 
21.Bf2 cxd4 22.Rad1 d3 23.Nc1 Rac8 24.Qxd3 Qxd3 25.Rxd3 Rxd3 26.Nxd3 Rc2 
27.Nb4 Rd2 28.Rc1 g6 29.Be3 Bd4 30.Bxd4 Rxd4 31.a3 a5 32.Na2 Nd5 33.Rc8+ 
Kg7 34.Nc3 Nxc3 35.Rxc3 Rd6 36.Kf2 Kf6 37.h4 Ke6 38.Ke3 b5 39.Rc5 Rd5 40.
Rxd5 Kxd5 41.g4 h6 42.g5 h5 43.f4 a4 44.bxa4 bxa4 45.Kd3 Kc5 46.Kc3 Kb5 
47.Kd4 Kc6 48.Kc4 Kd6 49.Kb4 Kd5 50.Kxa4 Kc4 51.Ka5 Kc5 52.a4 Kc6 53.Kb4 
Kb6 54.a5+ Kc6 55.a6 Kb6 56.a7 Kxa7 57.Kc5 Kb7 58.Kd6 Kc8 59.Ke7 1-0

[Event "REG1 Tarbes / Condom"]
[Site "Tarbes"]
[Date "2007.11.25"]
[Round "2"]
[White "Martinez, Benito"]
[Black "Beaurain, Louis"]
[Result "0-1"]
[WhiteElo "1770"]
[BlackElo "1783"]
[EventDate "2007.??.??"]
[PlyCount "60"]

1.e4 e6 2.Nc3 d5 3.exd5 exd5 4.d4 Nf6 5.Be2 Bd6 6.Nf3 O-O 7.Bg5 c6 8.Qd3 
h6 9.h4 Re8 10.O-O-O hxg5 11.hxg5 Ne4 12.Rdf1 Bf5 13.Bd1 Bf4+ 14.Kb1 Nd2+ 
15.Qxd2 Bxd2 16.Nxd2 Qxg5 17.Nf3 Qf6 18.Rh2 Nd7 19.Rfh1 g6 20.Rh7 Nf8 21.
R7h6 Bg4 22.R6h4 Bxf3 23.gxf3 Re1 24.R1h3 Rae8 25.Kc1 Rf1 26.Rh2 Rxf2 27.
Rh1 Rf1 28.R1h2 Ree1 29.Kd2 Qg5+ 30.f4 Rxf4 0-1

[Event "R1B - CEIT5 / Lardenne"]
[Site "?"]
[Date "2007.11.25"]
[Round "2.6"]
[White "Conrairie, Christophe"]
[Black "Lafaurie, Florent"]
[Result "0-1"]
[WhiteElo "1499"]
[BlackElo "1350"]
[EventDate "2007.11.26"]
[PlyCount "102"]

1.e4 c5 2.Nc3 d6 3.Bc4 Nf6 4.d3 Nc6 5.Nge2 e6 6.O-O Be7 7.f4 O-O 8.Ng3 e5 
9.f5 h6 10.Nd5 Nxd5 11.Bxd5 Bg5 12.Nh5 Bxc1 13.Rxc1 Qg5 14.h3 Ne7 15.Qf3 
Nxd5 16.exd5 Bd7 17.f6 g6 18.Ng3 Rad8 19.Ne4 Qf5 20.Qe3 Qh5 21.Kh2 Bf5 22.
Ng3 Qg5 23.Qxg5 hxg5 24.Nxf5 gxf5 25.Rxf5 Kh7 26.Rxg5 Rg8 27.h4 Rxg5 28.
hxg5 Kg6 29.Kg3 Kxg5 30.Rf1 Rg8 31.Kh2 Rg6 32.Kg3 Kh5+ 33.Kh3 Kg5 34.g3 
Rh6+ 35.Kg2 Kg4 36.Rf3 Rh1 37.Re3 Rc1 38.Re4+ Kf5 39.g4+ Kg5 40.Rc4 b5 41.
Re4 Rxc2+ 42.Kf3 Rxb2 43.a4 b4 44.Re1 Ra2 45.Rh1 Rxa4 46.Rh5+ Kxf6 47.Rf5+
Kg6 48.Kg3 b3 49.Rf2 Ra2 50.Rf1 b2 51.Rb1 a5 0-1

[Event "R1B - CEIT5 / Lardenne"]
[Site "?"]
[Date "2007.11.25"]
[Round "2.5"]
[White "Sac, Olivier"]
[Black "Strub, Bruno"]
[Result "1-0"]
[WhiteElo "1420"]
[BlackElo "1420"]
[EventDate "2007.11.26"]
[PlyCount "99"]

1.e4 e5 2.Nf3 Nc6 3.Bb5 a6 4.Ba4 d6 5.d4 Bd7 6.Nc3 Nf6 7.Bxc6 Bxc6 8.Qd3 
Be7 9.Be3 Qd7 10.O-O-O b5 11.dxe5 dxe5 12.Nxe5 Qxd3 13.cxd3 Bb7 14.Kd2 O-O
15.Bg5 Rfd8 16.Ke2 b4 17.Nb1 Nd5 18.Bxe7 Nxe7 19.Rc1 Rac8 20.Rc4 f6 21.
Rxb4 Bc6 22.Nf3 Bb5 23.Rd4 Ng6 24.g3 c5 25.Rxd8+ Rxd8 26.Rd1 c4 27.Ne1 Ne5
28.d4 c3+ 29.Ke3 Nc4+ 30.Kf4 Nxb2 31.Rc1 Nd3+ 32.Nxd3 Bxd3 33.Nxc3 Rxd4 
34.Rd1 Rd7 35.Ke3 Bb5 36.Rxd7 Bxd7 37.Kd4 Kf7 38.Kc5 Ke6 39.f4 g5 40.Kb6 
Bc8 41.Kc7 Bd7 42.Kb7 a5 43.Kb6 a4 44.Ka5 gxf4 45.gxf4 Bc6 46.Nxa4 Bxe4 
47.Nc5+ Kd5 48.Nxe4 Kxe4 49.Kb6 Kxf4 50.a4 1-0

[Event "R1B - CEIT5 / Lardenne"]
[Site "?"]
[Date "2007.11.25"]
[Round "2.4"]
[White "Crespin, Philippe"]
[Black "Castillo Marte, Antonio"]
[Result "1-0"]
[WhiteElo "1450"]
[BlackElo "1499"]
[EventDate "2007.11.26"]
[PlyCount "97"]

1.e4 e5 2.Nf3 Nc6 3.Bc4 h6 4.d4 exd4 5.Nxd4 Qf6 6.Be3 a6 7.Nc3 Nge7 8.O-O 
Ne5 9.Bb3 N7c6 10.Nd5 Qd8 11.Qh5 Ng6 12.Qf5 d6 13.Qf3 Nce5 14.Qg3 Be7 15.
Nf5 Bxf5 16.exf5 Bh4 17.Qh3 Nf8 18.Nxc7+ Qxc7 19.Qxh4 Nh7 20.Qe4 Nf6 21.
Qb4 O-O 22.Qh4 Neg4 23.Bd4 Qa5 24.a3 Ne5 25.Be3 Kh7 26.Bxh6 gxh6 27.Qxf6 
Qc5 28.Rad1 Rad8 29.Rfe1 Nd7 30.Qe7 Qxf5 31.Rxd6 Rde8 32.Be6 Rxe7 33.Bxf5+
Kg7 34.Rxe7 Nf6 35.Re3 Nh5 36.Re7 Nf6 37.Rxb7 Re8 38.Kf1 Re5 39.Be6 Ne4 
40.Rdb6 Ng5 41.Bb3 Rf5 42.h4 Ne4 43.Rxf7+ Rxf7 44.Bxf7 Kxf7 45.Rxa6 h5 46.
Ke2 Kg7 47.Ke3 Nf6 48.Rxf6 Kxf6 49.a4 1-0

[Event "R1B - CEIT5 / Lardenne"]
[Site "?"]
[Date "2007.11.25"]
[Round "2.3"]
[White "Muneret, Maurice"]
[Black "Ehrhart, François-Xavier"]
[Result "1/2-1/2"]
[WhiteElo "1736"]
[BlackElo "1499"]
[EventDate "2007.11.26"]
[PlyCount "119"]

1.Nf3 d5 2.d4 Nc6 3.c4 Nf6 4.Nc3 Bg4 5.e3 e6 6.Be2 Bb4 7.Bd2 Bxc3 8.Bxc3 
Qd6 9.c5 Qd7 10.O-O O-O 11.b4 Ne4 12.Be1 b6 13.Bb5 a6 14.Be2 Na7 15.Ne5 
Bxe2 16.Qxe2 Qa4 17.f3 Nf6 18.Rc1 Nd7 19.Nxd7 Qxd7 20.cxb6 cxb6 21.Bg3 Nb5
22.Qb2 Nd6 23.Bxd6 Qxd6 24.Rc2 Rac8 25.Rfc1 Rxc2 26.Rxc2 f5 27.f4 h6 28.a3
Kf7 29.Qc3 Ra8 30.Qc7+ Qxc7 31.Rxc7+ Kf6 32.h4 a5 33.b5 Rb8 34.Rc6 Ke7 35.
Kf2 Kd7 36.h5 Rc8 37.Rxb6 Rc3 38.Rb7+ Kd6 39.Rxg7 Rxa3 40.Ra7 a4 41.Kf3 
Ra1 42.Ra6+ Kd7 43.g4 fxg4+ 44.Kxg4 Rg1+ 45.Kf3 Rf1+ 46.Ke2 Ra1 47.f5 a3 
48.fxe6+ Ke7 49.b6 Rb1 50.Rxa3 Rxb6 51.Ra7+ Kxe6 52.Kf3 Kf5 53.Rf7+ Kg5 
54.Kg3 Rb3 55.Kf3 Rb1 56.Re7 Rf1+ 57.Kg3 Rf5 58.e4 dxe4 59.Rxe4 Kxh5 60.
Re5 1/2-1/2

[Event "R1B - CEIT5 / Lardenne"]
[Site "?"]
[Date "2007.11.25"]
[Round "2.2"]
[White "Reynes, Philippe"]
[Black "Brauckmann, Hartwich"]
[Result "1-0"]
[WhiteElo "1750"]
[BlackElo "1700"]
[EventDate "2007.11.26"]
[PlyCount "71"]

1.d4 Nf6 2.f4 d5 3.e3 Bf5 4.Nf3 e6 5.Bd3 Be4 6.O-O Nbd7 7.Qe2 Be7 8.Nbd2 
c5 9.Bxe4 Nxe4 10.Nxe4 dxe4 11.Ne5 O-O 12.b3 cxd4 13.exd4 f5 14.Bb2 Nxe5 
15.fxe5 Rc8 16.c4 Qe8 17.a4 Qd7 18.Rfd1 Rfd8 19.Kh1 Qe8 20.g4 Qg6 21.gxf5 
exf5 22.Rg1 Qb6 23.Rg3 Rc6 24.d5 Rg6 25.a5 Qc5 26.Rxg6 hxg6 27.Ba3 Qxa5 
28.d6 Bg5 29.c5 Qc3 30.Qc4+ Qxc4 31.bxc4 Bf4 32.e6 Ra8 33.Rg1 Be5 34.Rb1 
b6 35.c6 Bf6 36.d7 1-0

[Event "R1B - CEIT5 / Lardenne"]
[Site "?"]
[Date "2007.11.25"]
[Round "2.1"]
[White "Bedel, Jean"]
[Black "Parpinel, Mario"]
[Result "1-0"]
[WhiteElo "1750"]
[BlackElo "1790"]
[EventDate "2007.11.26"]
[PlyCount "107"]

1.d4 e6 2.c4 f5 3.Nc3 Nf6 4.Nf3 Be7 5.Qc2 O-O 6.e4 fxe4 7.Nxe4 Nxe4 8.Qxe4
d5 9.Qc2 Bb4+ 10.Bd2 Bxd2+ 11.Qxd2 Nc6 12.Bd3 Qf6 13.O-O Kh8 14.Rac1 Nxd4 
15.Nxd4 Qxd4 16.Qc2 dxc4 17.Bxc4 c6 18.Rfe1 e5 19.Re4 Bf5 20.Rxd4 Bxc2 21.
Rd7 Be4 22.Rxb7 Bd5 23.Kf1 Be4 24.Re1 Bf5 25.Rxe5 a5 26.Ree7 g5 27.Rf7 a4 
28.Ke2 Rfe8+ 29.Kd2 Rad8+ 30.Kc3 Bg6 31.Rfe7 Rxe7 32.Rxe7 Rb8 33.Re5 h6 
34.Re6 Kg7 35.Rxc6 Rb7 36.f3 Re7 37.Re6 Rc7 38.Kb4 Bf7 39.Re4 Rb7+ 40.Ka3 
Bg6 41.Re2 Rc7 42.Bb5 Rb7 43.Bxa4 Kf6 44.b3 Ra7 45.Kb2 Rc7 46.Bb5 Bf7 47.
Rc2 Re7 48.Re2 Rc7 49.Bd3 Rb7 50.Be4 Rb6 51.Rc2 Ke5 52.Rc6 Rb4 53.Kc3 Rb8 
54.Rxh6 1-0

[Event "N4 - Ramonville2/Tournefeuille2"]
[Site "?"]
[Date "2007.11.25"]
[Round "2"]
[White "Pinault, Mailys"]
[Black "Jung, Pascal"]
[Result "0-1"]
[WhiteElo "1720"]
[BlackElo "2008"]
[EventDate "2007.09.26"]
[PlyCount "66"]

1.e4 e5 2.Nc3 Nf6 3.f4 d5 4.fxe5 Nxe4 5.Nf3 Be7 6.g3 h5 7.d3 Nxc3 8.bxc3 
h4 9.Bg2 h3 10.Bf1 c5 11.d4 Nc6 12.Be3 Bf5 13.Bd3 Be4 14.Rf1 cxd4 15.cxd4 
Qd7 16.Bb5 a6 17.Ba4 b5 18.Bb3 Na5 19.Nd2 Bb4 20.a3 Bc3 21.Rc1 Nc4 22.Bxc4
bxc4 23.Kf2 Bg2 24.Rg1 Qf5+ 25.Ke1 Rh5 26.Qe2 Bf3 27.Qf2 Qg4 28.Rf1 Rf5 
29.Qg1 Qe4 30.a4 Rb8 31.g4 Rf4 32.Qf2 Rb2 33.Qh4 Qxe3# 0-1